00535 2200217 4500001002100000005001500021035002000036007000300056008004100059020001800100082001000118084001600128100001200144245005500156250001100211260003400222300002100256650002000277700000900297990001100306INLIS00000000001331420220714103812 a0010-0722000798ta220714 d f ind  a979-1133-21-2 a813 B a813 B ORI h0 aORIZUKA1 aHigh School Paradise /cOrizuka ; penyunting, KoEh acet. 1 aJakarta :bPuspa Swara,c2006 aiv, 178 ;c19 cm 4aFIKSI INDONESIA0 aKOEH a2503 a